00649nam a22002057a 450000500170000001000110001702000100002803500110003803700160004904000120006508200180007710000150009524501030011026000480021327000540026130000250031550000510034065000290039165000230042020170124105943.0 a740293 c75.00 a740293 bCen Lib/Ret aDPLbEN a309.5401bJAI aJaimal Rai aThe rural-urban economy and social changes in ancient India, 300 B.C. to 600 A.D. /cby Jaimal Rai aNew Delhi bBhartiya Vidya Prakashan c1974 bNew Delhi aC-114, Shakti Nagar Extensione110052 axiv, 419p.c21cm(Hb) aIncludes bibliographical references and index  aSociological approaches  aUrban development